000
00312nam a22001337a 4500
008
210301b ||||| |||| 00| 0 eng d
020
_a
9780077331535
041
_a
eng
080
_2
4th
_a
330.101.542
100
_a
52
101
_a
MIKRO
245
_a
Principles of Microeconomics
_c
Frank,H.R
942
_2
udc
_c
BK
999
_c
55392
_d
55392